Southville International School and Colleges
Your cart is empty.
  • Cart
  • Lists
    Public lists Eva Luna New books Lux_list list_1
    Your lists Log in to create your own lists
  • Log in to your account
  • Your cookies
  • Search history
Southville International School and Colleges
  • Advanced search
  • Recent comments
  • Most popular
  • Libraries

Log in to your account

Log in with GOOGLE


If you do not have an external account, but do have a local account, you can still log in:

  1. Home
  2. MARC view: Kano-nization :
Normal view MARC view ISBD view

Kano-nization : (Record no. 345288)

[ view plain ]
MARC details
000 -LEADER
fixed length control field 00709nam a2200277Ia 4500
008 - FIXED-LENGTH DATA ELEMENTS--GENERAL INFORMATION
fixed length control field 171120s9999 xx 000 0 und d
020 ## - INTERNATIONAL STANDARD BOOK NUMBER
International Standard Book Number 9712711021
050 ## - LIBRARY OF CONGRESS CALL NUMBER
Classification number 390
050 ## - LIBRARY OF CONGRESS CALL NUMBER
Item number G215 2001
100 ## - MAIN ENTRY--PERSONAL NAME
Personal name Garceau, Scott
245 ## - TITLE STATEMENT
Title Kano-nization :
245 ## - TITLE STATEMENT
Remainder of title more secrets from the x-pat files /
245 ## - TITLE STATEMENT
Statement of responsibility, etc by Scott Garceau.
260 ## - PUBLICATION, DISTRIBUTION, ETC. (IMPRINT)
Place of publication, distribution, etc Philippines :
260 ## - PUBLICATION, DISTRIBUTION, ETC. (IMPRINT)
Name of publisher, distributor, etc Anvil,
260 ## - PUBLICATION, DISTRIBUTION, ETC. (IMPRINT)
Date of publication, distribution, etc 2001
300 ## - PHYSICAL DESCRIPTION
Extent 183 pages :
300 ## - PHYSICAL DESCRIPTION
Other physical details illustrations ;
300 ## - PHYSICAL DESCRIPTION
Dimensions 22cm.
650 ## - SUBJECT ADDED ENTRY--TOPICAL TERM
Topical term or geographic name as entry element Manners and customs.
650 ## - SUBJECT ADDED ENTRY--TOPICAL TERM
Topical term or geographic name as entry element National characteristics, Philippine --
650 ## - SUBJECT ADDED ENTRY--TOPICAL TERM
Topical term or geographic name as entry element Philippines --
650 ## - SUBJECT ADDED ENTRY--TOPICAL TERM
General subdivision Humor.
650 ## - SUBJECT ADDED ENTRY--TOPICAL TERM
General subdivision Social life and customs -- Humor.
700 ## - ADDED ENTRY--PERSONAL NAME
Personal name Title.
Holdings
Withdrawn status Lost status Damaged status Home library Current library Date acquired Total Checkouts Full call number Barcode Date last seen Price effective from Koha item type
      Stonyhurst Southville International School (Malarayat) Stonyhurst Southville International School (Malarayat) 11/20/2017   FIL 390 G215 2001 SSISM4332 11/20/2017 11/20/2017 Books

Kano-nization :

APA

Garceau S., Title, .Kano-nization. Philippines: .

Chicago

Garceau Scott, Title, .Kano-nization. Philippines: .

Harvard

Garceau S., Title, .Kano-nization. Philippines: .

MLA

Garceau Scott, Title, .Philippines: . .

  • Place hold
  • Print
  • Cite
  • Add to your cart (remove)
  • Save record
    BIBTEX Dublin Core MARCXML MARC (non-Unicode/MARC-8) MARC (Unicode/UTF-8) MARC (Unicode/UTF-8, Standard) MODS (XML) RIS
  • More searches
    Search for this title in:
    Other Libraries (WorldCat) Other Databases (Google Scholar) Online Stores (Bookfinder.com) Open Library (openlibrary.org)

Exporting to Dublin Core...

SOUTHVILLE LIBRARY

Southville International School and Colleges Library

1281 Tropical Ave. Cor. Luxembourg St., BF Homes International, Las Pinas City

Tel. No. 8256374 / 252358 Loc. 117/146

Powered by Koha